00850naa#a2200205#i#4500001001600000005001700016011001400033100004100047102000700088200005300095210012500148215001000273608002700283675017500310700003400485700003400519700003700553700003200590856002200622EN\\bibl\12300620260603213023.3##a2686-9896##a20260515b2026####ek#y0engy0150####ca##aRU1#aHYBRID AUTONOMOUS POWER SOURCESeJournal article1#aAngarskcFederal State Funded Educational Establishment of Higher Education «Angarsk State Technical University»d2026##a1 с.##aJournal article2local##aОбщее машиностроение. Ядерная техника. Электротехника. Технология машиностроения в целом. 621#1aBuyakovagNatal'ya Vasil'evna#1aBrateikogAlexandr Sergeevich#1aZaitsevgStanislav Alexandrovich#1aKelermangDaniil Maximovich4#aangtu.editorum.ru